| 000 | 01075nam a2200301 i 4500 | ||
|---|---|---|---|
| 001 | 000045408 | ||
| 003 | DO-SdBNP | ||
| 005 | 20250129090816.0 | ||
| 007 | ta | ||
| 008 | 150306s2014 dr 000 0 spa d | ||
| 020 | _a9789945581386 | ||
| 040 |
_aDO-SdBNP _bspa _cBNPHU _erda |
||
| 082 |
_axx _bA577f _222 |
||
| 100 | 1 |
_aRey, Andújar _973454 _eautor _4aut. |
|
| 245 | 1 | 0 |
_aFormas del ascenso : _bestructura mitológica en escalera para electra de aída Cartagena Poralatín / _cAndújar, Rey ; palabras preliminares Radhames Mejía. |
| 264 | 1 |
_aSan Juan, Puerto Rico ; _aSanto Domingo ; _bIsla Negra, _bUniversidad Apec, _c©2014. |
|
| 300 |
_a136 páginas _c22 cm. |
||
| 336 |
_atexto _btxt _2rdacontent |
||
| 337 |
_asin mediación _bn _2rdamedia |
||
| 338 |
_avolumen _bnc _2rdacarrier |
||
| 490 | 1 | _aVisiones y cegueras | |
| 500 | _aIncluye datos biografícos del autor en la solapa. | ||
| 504 | _aBibliografía p: 131-136. | ||
| 590 | _aInventariado, 2025/ YL | ||
| 700 | 1 |
_aMejía, Radhames _epreliminares _96414 _4prel. |
|
| 910 | _aYLockward | ||
| 942 |
_2ddc _cLBS1 |
||
| 999 |
_c44897 _d44897 |
||